Traffic Effects on Structures and Environment - Tese '94 Third International Conference. September 13-16, 1994. The High Tatras, Štrbské Pleso

Gespeichert in:
Bibliographische Detailangaben
Weitere Verfasser: Melcer, Vladimír, Moravčík, Milan
Format: Buch
Sprache:Englisch
Veröffentlicht: Žilina Carpatia Tour - Educo Centrum 1994
Ausgabe:1. vyd.
Schlagworte:
Tags: Tag hinzufügen
Keine Tags, Fügen Sie das erste Tag hinzu!

MARC

LEADER 00000nam a2200000 4500
001 c009458
005 20221214075510.1
020 |a 80-85655-04-7 
041 0 |a eng 
044 |a SK 
245 1 0 |a Traffic Effects on Structures and Environment - Tese '94  |b Third International Conference. September 13-16, 1994. The High Tatras, Štrbské Pleso  |c Edit. Vladimír Melcer, Milan Moravčík 
250 |a 1. vyd. 
264 1 |a Žilina  |b Carpatia Tour - Educo Centrum  |c 1994 
300 |a 316 s. 
610 2 0 |a prostredie životné 
610 2 0 |a doprava 
610 2 0 |a staviteľstvo inžinierske 
700 1 |a Melcer, Vladimír 
700 1 |a Moravčík, Milan